Biblioteca histórica. (Registro nro. 11692)

Detalles MARC
000 -LEADER
campo de control de longitud fija 00962nam a2200277 i 4500
001 - NÚMERO DE CONTROL
campo de control 11692
003 - IDENTIFICADOR DE NÚMERO DE CONTROL
campo de control ES-MaACL
005 - FECHA Y HORA DE LA ÚLTIMA TRANSACCIÓN
campo de control 20250803050535.0
007 - CAMPO FIJO DE DESCRIPCIÓN FÍSICA--INFORMACIÓN GENERAL
campo de control de longitud fija t|
008 - DATOS DE LONGITUD FIJA--INFORMACIÓN GENERAL
campo de control de longitud fija 960327s1995 sp |||| | spa j
020 ## - NÚMERO INTERNACIONAL ESTÁNDAR DEL LIBRO
Número Internacional Estándar del Libro 84-7882-198-8
080 ## - NÚMERO DE LA CLASIFICACIÓN DECIMAL UNIVERSAL
Número de la Clasificación Decimal Universal 930.9".../04"
100 0# - ENTRADA PRINCIPAL--NOMBRE DE PERSONA
Nombre de persona Diodoro Sículo.
9 (RLIN) 44847
245 10 - MENCIÓN DEL TÍTULO
Título Biblioteca histórica.
Número de parte o sección de la obra Libros I-II /
Mención de responsabilidad, etc. Diodoro de Sicilia ; traducción coordinada por Jesús Lens Tuero ; traducción de Jesús Lens Tuero, Jesús M. García González, Javier Campos Daroca.
250 ## - MENCION DE EDICION
Mención de edición 1ª ed.
260 ## - PUBLICACIÓN, DISTRIBUCIÓN, ETC.
Lugar de publicación, distribución, etc. Madrid :
Nombre del editor, distribuidor, etc. Clásicas,
Fecha de publicación, distribución, etc. [1995]
300 ## - DESCRIPCIÓN FÍSICA
Extensión 454 p. ;
Dimensiones 17 cm.
490 1# - MENCIÓN DE SERIE
Mención de serie Colección de autores griegos
650 17 - PUNTO DE ACCESO ADICIONAL DE MATERIA--TÉRMINO DE MATERIA
Término de materia o nombre geográfico como elemento de entrada Historia antigua
Fuente del encabezamiento o término embne
9 (RLIN) 13385
700 1# - ENTRADA AGREGADA--NOMBRE PERSONAL
Nombre de persona Lens Tuero, Jesús.
9 (RLIN) 71544
700 1# - ENTRADA AGREGADA--NOMBRE PERSONAL
Nombre de persona García González, Jesús M.
9 (RLIN) 54711
700 1# - ENTRADA AGREGADA--NOMBRE PERSONAL
Nombre de persona Campos Daroca, Javier.
9 (RLIN) 34262
830 0# - PUNTO DE ACCESO ADICIONAL DE SERIE-TÍTULO UNIFORME
Título uniforme Colección de autores griegos
9 (RLIN) 179263
852 ## - LOCALIZACIÓN
Ubicación ES-MaACL
Número de control de estantería L-19036
Existencias
Estatus retirado Estado de pérdida Estado de daño No para préstamo Biblioteca de origen Biblioteca actual Ubicación en estantería Fecha de adquisición Fuente de adquisición Total de préstamos Signatura topográfica completa Código de barras Visto por última vez Precio de reemplazo Tipo de ítem Koha
        Biblioteca del Ateneo de Madrid Biblioteca del Ateneo de Madrid Depósito 2 17/01/2008     L-19036 1011917 23/02/2023 23/02/2023 Libro impreso